<?xml version="1.0" encoding="UTF-8"?>
<record
    xmlns:xsi="http://www.w3.org/2001/XMLSchema-instance"
    xsi:schemaLocation="http://www.loc.gov/MARC21/slim http://www.loc.gov/standards/marcxml/schema/MARC21slim.xsd"
    xmlns="http://www.loc.gov/MARC21/slim">

  <leader>01902nam a2200373 a 4500</leader>
  <controlfield tag="005">20240801134913.0</controlfield>
  <controlfield tag="008">100511t2009||||ag a   f |||| 00| 0 spa d</controlfield>
  <datafield tag="020" ind1=" " ind2=" ">
    <subfield code="a">9789500617024</subfield>
  </datafield>
  <datafield tag="041" ind1=" " ind2=" ">
    <subfield code="a">spa</subfield>
  </datafield>
  <datafield tag="092" ind1=" " ind2=" ">
    <subfield code="c">616.5</subfield>
    <subfield code="l">27</subfield>
    <subfield code="s">FIT</subfield>
  </datafield>
  <datafield tag="245" ind1=" " ind2=" ">
    <subfield code="a">Fitzpatrick. Dermatolog&#xED;a en Medicina General.</subfield>
    <subfield code="b">T.3 /</subfield>
    <subfield code="c">Klaus Wolff</subfield>
  </datafield>
  <datafield tag="250" ind1=" " ind2=" ">
    <subfield code="a">7a ed.</subfield>
    <subfield code="b">Traducci&#xF3;n Alvarez, J.P.; Carini, F.; Facorro, L.; Klajn, D.; Lopez, G.; Mezzano, G.; Rodriguez Chiapetta, F. y Taveira, J. </subfield>
  </datafield>
  <datafield tag="260" ind1=" " ind2=" ">
    <subfield code="a">Buenos Aires: </subfield>
    <subfield code="b">Editorial M&#xE9;dica Panamericana;</subfield>
    <subfield code="c">2009.</subfield>
  </datafield>
  <datafield tag="300" ind1=" " ind2=" ">
    <subfield code="a">1201-2063 p.</subfield>
    <subfield code="b">il.</subfield>
    <subfield code="c">28x22 cm.</subfield>
  </datafield>
  <datafield tag="500" ind1=" " ind2=" ">
    <subfield code="a">Wolff, K. (Dir.). et al. (2009). Fitzpatrick. Dermatolog&#xED;a en medicina general. T.3 (7a ed.). Buenos Aires : Editorial M&#xE9;dica Panamericana. </subfield>
  </datafield>
  <datafield tag="590" ind1=" " ind2=" ">
    <subfield code="a">Donaci&#xF3;n Alvarez, Betsabe. Abril 2019</subfield>
  </datafield>
  <datafield tag="653" ind1=" " ind2=" ">
    <subfield code="a">La piel en las enfermedades sist&#xE9;micas. La piel en las enfermedades nutricionales, metab&#xF3;licas y hereditarias</subfield>
  </datafield>
  <datafield tag="653" ind1=" " ind2=" ">
    <subfield code="a">Manifestaciones cut&#xE1;neas de los trastornos de la sangre y de la m&#xE9;dula &#xF3;sea</subfield>
  </datafield>
  <datafield tag="653" ind1=" " ind2=" ">
    <subfield code="a">Manifestaciones cut&#xE1;neas de trastornos de &#xF3;rganos internos</subfield>
  </datafield>
  <datafield tag="653" ind1=" " ind2=" ">
    <subfield code="a">La piel en los trastornos de los tejidos conjuntivo y vascular y otras afecciones autoinmunitarias</subfield>
  </datafield>
  <datafield tag="653" ind1=" " ind2=" ">
    <subfield code="a">La piel en los trastornos inflamatorios y otros trastornos vasculares</subfield>
  </datafield>
  <datafield tag="653" ind1=" " ind2=" ">
    <subfield code="a">Enfermedades causadas por microorganismos, infestaciones, mordeduras y picaduras. Enfermedades bacterianas</subfield>
  </datafield>
  <datafield tag="653" ind1=" " ind2=" ">
    <subfield code="a">Infecciones f&#xFA;ngicas (micosis)</subfield>
  </datafield>
  <datafield tag="653" ind1=" " ind2=" ">
    <subfield code="a">Enfermedades virales y rickettsias</subfield>
  </datafield>
  <datafield tag="653" ind1=" " ind2=" ">
    <subfield code="a">Enfermedades de transmisi&#xF3;n sexual</subfield>
  </datafield>
  <datafield tag="653" ind1=" " ind2=" ">
    <subfield code="a">Infestaciones, mordeduras y picaduras</subfield>
  </datafield>
  <datafield tag="700" ind1="1" ind2=" ">
    <subfield code="a">Wolff, Klaus</subfield>
    <subfield code="e">Dir.</subfield>
    <subfield code="9">191</subfield>
  </datafield>
  <datafield tag="700" ind1="1" ind2=" ">
    <subfield code="a">Goldsmith, Lowell</subfield>
    <subfield code="e">Dir.</subfield>
    <subfield code="9">4036</subfield>
  </datafield>
  <datafield tag="700" ind1="1" ind2=" ">
    <subfield code="a">Katz, Stephen I.</subfield>
    <subfield code="e">Dir.</subfield>
    <subfield code="9">194</subfield>
  </datafield>
  <datafield tag="700" ind1="1" ind2=" ">
    <subfield code="a">Gilchrest, Barbara A.</subfield>
    <subfield code="e">Dir.</subfield>
    <subfield code="9">4037</subfield>
  </datafield>
  <datafield tag="700" ind1="1" ind2=" ">
    <subfield code="a">Paller, Amy S.</subfield>
    <subfield code="e">Dir.</subfield>
    <subfield code="9">4038</subfield>
  </datafield>
  <datafield tag="700" ind1="1" ind2=" ">
    <subfield code="a">Leffell, David J.</subfield>
    <subfield code="e">Dir.</subfield>
    <subfield code="9">4039</subfield>
  </datafield>
  <datafield tag="942" ind1=" " ind2=" ">
    <subfield code="2">ddc</subfield>
    <subfield code="c">BK</subfield>
  </datafield>
  <datafield tag="999" ind1=" " ind2=" ">
    <subfield code="c">2887</subfield>
    <subfield code="d">2887</subfield>
  </datafield>
  <datafield tag="952" ind1=" " ind2=" ">
    <subfield code="0">0</subfield>
    <subfield code="1">0</subfield>
    <subfield code="2">ddc</subfield>
    <subfield code="4">0</subfield>
    <subfield code="7">0</subfield>
    <subfield code="a">BFM</subfield>
    <subfield code="b">BFM</subfield>
    <subfield code="c">CR</subfield>
    <subfield code="d">2019-04-04</subfield>
    <subfield code="e">Donaci&#xF3;n Betsabe Alvarez, Abril 2019</subfield>
    <subfield code="l">3</subfield>
    <subfield code="m">1</subfield>
    <subfield code="o">616.5 27 FIT</subfield>
    <subfield code="p">4417</subfield>
    <subfield code="r">2023-11-16</subfield>
    <subfield code="s">2023-11-10</subfield>
    <subfield code="t">Ej.1</subfield>
    <subfield code="w">2019-04-04</subfield>
    <subfield code="y">BK</subfield>
    <subfield code="z">Donaci&#xF3;n Betsabe Alvarez, Abril 2019</subfield>
  </datafield>
</record>
